000
00285nam a22001337a 4500
008
170929b xxu||||| |||| 00| 0 eng d
020
_a
0205575277
041
_a
eng
080
_a
37
100
_a
47
101
_a
EDU
245
_a
EXAMINATION COPY
_c
GOLDSTEIN,J,S
942
_2
udc
_c
BK
999
_c
30784
_d
30784